000 00532nam a2200205Ia 4500
005 20250508162830.0
008 008 250505s9999 xx 000 0 eng d
020 _a0-13-124330-6-01
037 _aTextual
040 _aFEDL
_beng
_cFEDL
041 _aeng
_2eng
084 _a170, ENG
_qFEDL
100 _aEngel S. Morris
245 0 _aChain of logic
260 _aEnglewood Cliffs
_b Prentice-Hall
_c1987
300 _axii,115p.
650 _aEthics
942 _cTEXL
_h170, ENG
999 _c1378941
_d1378941